00726cam a22002654a 450000100090000000300040000900500170001300800410003001000170007102000150008804000180010304200080012105000240012908200100015310000190016324501020018226000360028430000330032049000230035349000190037652100070039552600080040265000230041065000270043314371738OSt20140310184425.0060510s2006 nyua 000 0 eng  a 2006276232 a0439790611 aDLCcDLCdDLC apcc00aSF 426.2b.D49 200600a636.71 aDewin, Howard.14aThe dog :bwhy are dogs' noses wet? : and other true facts /cby The Dogs as told to Howie Dewin. aNew York :bScholastic,cc2006. a30 p. :bcol. ill. ;c23 cm.0 aArtlist collection0 aA Q & A reader aG4 c600 0aDogsvMIscellanea. 0aDogsvPictorial works.